Fr. Conceicao Rodrigues College of Engineering

Performance and design of Alternating Current Machines (Record no. 25884)

MARC details
000 -LEADER
fixed length control field 00378nam a2200169Ia 4500
082 ## - DEWEY DECIMAL CLASSIFICATION NUMBER
Classification number 621.3133/SAY
Item number SAY
100 ## - MAIN ENTRY--PERSONAL NAME
Personal name Say/M.G
245 ## - TITLE STATEMENT
Title Performance and design of Alternating Current Machines
260 ## - PUBLICATION, DISTRIBUTION, ETC.
Name of publisher, distributor, etc. CBS Publishers
Date of publication, distribution, etc. 1983
366 ## - TRADE AVAILABILITY INFORMATION
Publishers's discount category 20
300 ## - PHYSICAL DESCRIPTION
Extent 664
546 ## - LANGUAGE NOTE
Language note ENGLISH
650 ## - SUBJECT ADDED ENTRY--TOPICAL TERM
Topical term or geographic name entry element AC Machines
654 ## - SUBJECT ADDED ENTRY--FACETED TOPICAL TERMS
Focus term AC Machines
942 ## - ADDED ENTRY ELEMENTS (KOHA)
Koha item type BOOK
Holdings
Withdrawn status Lost status Damaged status Not for loan Collection Home library Current library Date acquired Source of acquisition Cost, normal purchase price Inventory number Total Checkouts Full call number Barcode Date last seen Cost, replacement price Price effective from Koha item type
        CRC Fr. Agnel's C.Rodrigues College of Engineering Fr. Agnel's C.Rodrigues College of Engineering 17/03/2023 Professional Book House. 170.00 387 dt 22/01/2008   621.3133/SAY SAY 18259 17/03/2023 190.00   BOOK